| Tag |
First Indicator |
Second Indicator |
Subfields |
| LEADER |
00000cam a2200000La 4500 |
| 001 |
in00001741813 |
| 005 |
20220105120713.0 |
| 006 |
m u |
| 007 |
cr cn--------- |
| 008 |
020417s2001 nyu sb s001 0 eng d |
| 020 |
|
|
|a 0791449874 (electronic bk.)
|
| 035 |
|
|
|a (OCoLC)ocm49852548
|
| 040 |
|
|
|a N$T
|c N$T
|d OCLCQ
|d UtOrBLW
|
| 049 |
|
|
|a IICA
|
| 050 |
1 |
4 |
|a JZ1242
|b .F73 2001eb
|
| 082 |
0 |
4 |
|a 327.1/01
|2 21
|
| 100 |
1 |
|
|a Franke, Mark F. N.,
|d 1963-
|0 http://id.loc.gov/authorities/names/n00099718
|
| 245 |
1 |
0 |
|a Global limits :
|b Immanuel Kant, international relations, and critique of world politics /
|c Mark F.N. Franke.
|
| 264 |
|
1 |
|a Albany :
|b State University of New York Press,
|c [2001]
|
| 264 |
|
4 |
|c ©2001
|
| 300 |
|
|
|a x, 265 pages ;
|c 24 cm.
|
| 336 |
|
|
|a text
|b txt
|2 rdacontent
|
| 337 |
|
|
|a computer
|b c
|2 rdamedia
|
| 338 |
|
|
|a online resource
|b cr
|2 rdacarrier
|
| 490 |
1 |
|
|a Suny Series in global politics
|
| 504 |
|
|
|a Includes bibliographical references (pages 243-255) and index.
|
| 533 |
|
|
|a Electronic reproduction.
|b Boulder, Colo. :
|c NetLibrary,
|d 2002.
|n Available via World Wide Web.
|n Access may be limited to NetLibrary affiliated libraries.
|
| 500 |
|
|
|a Electronic resource.
|
| 650 |
|
0 |
|a International relations
|x Philosophy.
|0 http://id.loc.gov/authorities/subjects/sh2009127460
|
| 650 |
|
0 |
|a Political science
|x Philosophy.
|0 http://id.loc.gov/authorities/subjects/sh88004669
|
| 655 |
|
7 |
|a Electronic books.
|2 local
|
| 710 |
2 |
|
|a NetLibrary, Inc.
|0 http://id.loc.gov/authorities/names/no99080690
|
| 776 |
1 |
|
|c Original
|z 0791449874
|w (DLC) 00061923
|
| 830 |
|
0 |
|a SUNY series in global politics.
|0 http://id.loc.gov/authorities/names/nr96030556
|
| 856 |
4 |
1 |
|u https://proxy.library.tamu.edu/login?url=http://www.netLibrary.com/urlapi.asp?action=summary&v=1&bookid=67098
|z Connect to the full text of this electronic book
|t 0
|
| 994 |
|
|
|a X0
|b IIC
|
| 999 |
|
|
|a MARS
|
| 999 |
f |
f |
|s 09195564-305c-3c8f-9f47-709cadc659e9
|i 6142d2b0-f745-3996-879a-7b1faaa9a126
|t 0
|
| 952 |
f |
f |
|a Texas A&M University
|b College Station
|c Electronic Resources
|d Available Online
|t 0
|e JZ1242 .F73 2001eb
|h Library of Congress classification
|
| 998 |
f |
f |
|a JZ1242 .F73 2001eb
|t 0
|l Available Online
|